Vantaan kaupunginosat kartalla - Statistics

Yleistilastot
  • Tätä visaa on pelattu 2 985 kertaa
  • Keskiarvotulos 24 / 61
Vastaukset kartalla
Vastauksille on annettu kartalla punavihreä väri sen mukaan, kuinka moni on saanut sen oikein.
 
Vastaustilastot
Suuralue Kaupunginosa % Oikein
Tikkurilan suuralue Tikkurila
94%
Myyrmäen suuralue Myyrmäki
89%
Korson suuralue Korso
83%
Myyrmäen suuralue Martinlaakso
76%
Hakunilan suuralue Hakunila
74%
Koivukylän suuralue Koivukylä
74%
Kivistön suuralue Kivistö
73%
Aviapoliksen suuralue Tammisto
65%
Tikkurilan suuralue Hiekkaharju
63%
Aviapoliksen suuralue Lentokenttä
55%
Aviapoliksen suuralue Pakkala
52%
Koivukylän suuralue Rekola
52%
Aviapoliksen suuralue Ylästö
50%
Aviapoliksen suuralue Veromies
47%
Koivukylän suuralue Ilola
46%
Tikkurilan suuralue Hakkila
45%
Myyrmäen suuralue Varisto
44%
Hakunilan suuralue Sotunki
43%
Myyrmäen suuralue Vantaanlaakso
43%
Tikkurilan suuralue Ruskeasanta
42%
Tikkurilan suuralue Viertola
42%
Myyrmäen suuralue Kaivoksela
41%
Hakunilan suuralue Vaarala
41%
Tikkurilan suuralue Jokiniemi
40%
Tikkurilan suuralue Simonkylä
40%
Tikkurilan suuralue Koivuhaka
39%
Hakunilan suuralue Länsimäki
39%
Hakunilan suuralue Itä-Hakkila
37%
Kivistön suuralue Keimola
37%
Kivistön suuralue Seutula
37%
Myyrmäen suuralue Askisto
36%
Koivukylän suuralue Asola
36%
Korson suuralue Mikkola
36%
Korson suuralue Nikinmäki
35%
Hakunilan suuralue Rajakylä
35%
Myyrmäen suuralue Hämeenkylä
34%
Tikkurilan suuralue Helsingin pitäjän kirkonkylä
34%
Myyrmäen suuralue Petikko
33%
Koivukylän suuralue Havukoski
31%
Koivukylän suuralue Päiväkumpu
31%
Hakunilan suuralue Kuninkaanmäki
30%
Myyrmäen suuralue Vapaala
30%
Korson suuralue Vierumäki
30%
Korson suuralue Matari
26%
Korson suuralue Metsola
26%
Tikkurilan suuralue Kuninkaala
24%
Myyrmäen suuralue Hämevaara
23%
Korson suuralue Jokivarsi
23%
Aviapoliksen suuralue Viinikkala
23%
Korson suuralue Leppäkorpi
22%
Myyrmäen suuralue Linnainen
21%
Kivistön suuralue Riipilä
20%
Hakunilan suuralue Länsisalmi
19%
Kivistön suuralue Vestra
18%
Korson suuralue Vallinoja
17%
Kivistön suuralue Lapinkylä
15%
Kivistön suuralue Kiila
14%
Kivistön suuralue Myllymäki
14%
Hakunilan suuralue Ojanko
14%
Kivistön suuralue Piispankylä
14%
Kivistön suuralue Luhtaanmäki
13%
Ehtoja vastaavia visoja ei löytynyt
Tulosjakauma
Jokaisen tuloksen saaneiden osuus
Persentiili vastausten määrän mukaan
Tuloshistoriasi
Et ole pelannut tätä visaa